| 000 | 01389nam a2200229Ia 4500 | ||
|---|---|---|---|
| 003 | Ost | ||
| 005 | 20260507075122.0 | ||
| 008 | 260507s9999||||xx |||||||||||||| ||und|| | ||
| 040 | _cfsecg | ||
| 041 | _aara | ||
| 082 | _a330 | ||
| 100 |
_aالصحن، محمد فريد _eمؤلف |
||
| 245 | 0 |
_aإدارة التسويق : _bفي بيئة العولمة والإنترنت / _c محمد فريد الصحن |
|
| 260 |
_aالإسكندرية: _bمنشأة المعارف, _c2005 |
||
| 300 |
_a500 صفحة؛ _bإيضاحات ؛ _c24 سم |
||
| 520 | _aطبيعة دور التسويق في المنظمات الحديثة-التركيز على المستهلك كمدخل للنجاح التسويقي-تحقيق رضا العميل من خلال القيمة والجودة والرضا-دور التسويق في التخطيط الإستراتيجي-الأسواق-نظم المعلومات التسويقية وبحوث التسويق-التسويق العالمي-استراتيجيات المزيج التسويقي(المنتج،السعر)-استراتيجيات المزيج التسويقي(المكان،الترويج)-تسويق الخدمات-التسويق بالأنترنت | ||
| 653 | _aإدارة التسويق | ||
| 653 | _aالتسويق | ||
| 653 | _aالتسويق بالأنترنت | ||
| 700 |
_aطارق، طه _eمؤلف ثانوي |
||
| 942 | _cكتاب | ||
| 999 |
_c43092 _d43092 |
||